00360nam a2200133Ia 4500003000400000008004100004020002800045040000800073100001700081245004900098260005100147300001500198365001300213LDD181029s9999 xx 000 0 und d a9781849808330cP 250.00 cLDD aGamlen, Alan 0aMigration and global governancecAlan Gamlen aCheltenhambAn Elgar Research Collectionc2011 axxxiii, 74 bP 250.00